| 000 | 01044cam a22002775a 4500 | ||
|---|---|---|---|
| 001 | 15878649 | ||
| 005 | 20160620125806.0 | ||
| 006 | m||||f ||z 00| 0 | ||
| 008 | 090824t2011 maua fr 001 0 eng d | ||
| 020 | _a9780763779948 | ||
| 020 | _a9780763779665 (CD) | ||
| 040 |
_aDLC _cDLC _dBTCTA _dC#P _dYDXCP _dBWX _dCDX _dCUS _dY6I _dGA0 _dDLC _dEG-ScBUE _beng |
||
| 082 | 0 | 4 |
_222 _a620.00151 _bZIL |
| 100 | 1 |
_aZill, Dennis G., _d1940- _93955 |
|
| 245 | 1 | 0 |
_aAdvanced engineering mathematics / _cDennis G. Zill, Warren S. Wright, Michael R. Cullen. |
| 250 | _a4th ed., International ed. | ||
| 260 |
_aSudbury : _bJones and Bartlett Publishers, _cc.2011. |
||
| 300 |
_a(various pagings) : _bill. (col.) ; _c29 cm. + _e1 CD-ROM (4 3/4 in.). |
||
| 490 | 0 | _aThe Jones and Bartlett Publishers series in mathematics. Advanced engineering mathematics | |
| 500 | _aIncludes index. | ||
| 650 | 7 |
_aEngineering mathematics. _2BUEsh _93194 |
|
| 653 |
_bENGGEN _cJune2016 |
||
| 700 | 1 | _aCullen, Michael R. | |
| 700 | 1 |
_933406 _aWright, Warren S. |
|
| 942 | _2ddc | ||
| 999 |
_c21922 _d21894 |
||